000 01704nam a2200337 i 4500
003 EG-GICUC
005 20260314154335.0
008 251116b1969 ua ||||f |||| 00| 0 ara d
040 _a EG-GICUC
_c EG-GICUC
_d EG-GICUC
_erda
_bara
041 _aara
082 0 4 _221
_a345.4073
_bق س . ت
092 0 4 _221
099 _aLaw1 07 345.4073 ق س . ت 1969
110 _aقسم التحليل الإداري بجهاز الخدمة المدنية في الولايات المتحدة الأمريكية
_eمؤلف.
245 1 0 _aتنظيم لجنة الخدمة المدنية في الولايات المتحدة الأمريكية /
_cإعداد قسم التحليل الإداري بجهاز الخدمة المدنية في الولايات المتحدة الأمريكية ؛ ترجمة دكتور محمد عفيفي حمودة.
264 1 _aالقاهرة :
_bجامعة الدول العربية-المنظمة العربية للعلوم الإدارية، مركز البحوث الإدارية،
_c1969.
300 _a16 صفحة :
_bإيضاحيات ؛
_c24 سم.
336 _2rda content
_atext
337 _2rda media
_aComputer
338 _2rda carrier
_aOnline Resource
490 _v3
546 _aالنص باللغة العربية مترجم من الانجليزية
650 1 _aالخدمة المدنية
650 1 _aالوظيفة العامة
650 1 _2qrmak
_aالقانون الإداري
651 1 _2qrmak
_aالولايات المتحدة الأمريكية
700 _aمحمد عفيفي حمودة
_eمترجم.
856 4 0 _uhttps://fll.law.cu.edu.eg/fulltext/bks/B07-00293.pdf
905 _aWesam Mahmoud
_eYara
942 _2ddc
_n0
_cBK
_e21
999 _c43371
_d43371